00630nam a2200217Ia 4500003000900000008004100009040001300050040001300063041000800076100002000084245002600104250001000130260001500140260000900155300001100164300001000175490000600185942000700191999001700198952019700215IT-RoPAU120407s9999 xx 000 0 und d aIT-RoPAU cIT-RoPAU afra aAndré Karquel aSorcier Homme et Dieu aParis aLa Colombe c1962 a186 p. c21 cm v1 cBK c27670d27670 00102ddc406104_60000000000000071aPAULUSbPAULUSd2012-04-11l0o104.60r2012-04-11 00:00:00w2012-04-11yBKzInserito da: LUCIA In data: 07 ottobre 2011 fondo: Via A.Severo 56 Progr:33135